| 000 | 00981nam a22002057a 4500 | ||
|---|---|---|---|
| 003 | BDDh-ASL | ||
| 005 | 20231015031255.0 | ||
| 008 | 230328s2007 b ||||| |||| 00| 0 b d | ||
| 040 | _cBDDh-ASL | ||
| 041 | _abengali | ||
| 082 |
_a954.54 _bLOB |
||
| 100 | 1 |
_aলোহানী, হাবিবুর রহমান খান _92146 |
|
| 245 | 1 | 0 | _aভারত উপমহাদেশে লোদী বংশধরদের শাসনকালের সংক্ষিপ্ত ইতিহাস / |
| 246 | _aBharat Upomahadeshe Lodi Bongsodhorder Shashonkaler Songkhipto Itihas. | ||
| 260 |
_aনেত্রকোনা: _bশিরিন সুলতানা খান, _c২০০৭। |
||
| 300 |
_a৮০ পৃষ্ঠা: _c২২ সে.মি. |
||
| 650 | 0 |
_aHistory (ইতিহাস) _94586 |
|
| 650 | 0 |
_aHistory of India (ভারতের ইতিহাস), India Subcontinent ভারত উপমহাদেশ _96214 |
|
| 942 |
_2ddc _cBK |
||
| 999 |
_c31441 _d31441 |
||